000 00782cam a22002651 4500
001 11442
003 BD-RjUL
005 20211208235127.0
008 140126s1967 nyuabf b 000 0 eng
020 _a0471902950
035 _a(BD-RjUL)11491
040 _aDLC
_cDLC
_dDLC
_dBD-RjUL
_beng
041 _aeng
082 0 0 _a549
_bVAM 1967
100 1 _aVanders, Iris.
_935374
245 1 0 _aMineral recognition /
_cIris Vanders; Paul F. Kerr.
260 _aNew York :
_bWiley,
_cc1967.
300 _axiii, 316 p. :
_billus., fold. map, col. plates. ;
_c25 cm.
504 _aIncludes bibliographies.
650 0 _aMineralogy.
_935375
700 1 _aKerr, Paul F.
_q(Paul Francis),
_d1897-
_ejoint author.
_935376
942 _2ddc
_cBK
999 _c11442
_d11442